=LDR 00000nam 2200000 4500 =001 INLIS000000000014434 =005 20221128091514 =035 ##$$a 0010-061300000014434 =008 221128################g##########0#ind## =041 ##$$a Ind =082 ##$$a R.031 =090 ##$$a 031, Oxf/vll =245 ##$$a Oxford ensiklopedi pelajar jilid 8 : $b Serat - Zonasi /$c Tim Penerjemah, Edlina Hafmini Eddin, SS ... [ et al. ] =260 ##$$a Jakarta :$b Widyadara,$c 1992 =300 ##$$a 191 hlm, : $b ilus. ; $c 28 x 22 cm. =650 #4$$a Ensikolopedi - Pelajar =850 ##$$a NBPNMAT =084 ##$$a R.031 OXF o =250 ##$$a cet.2 =700 #$$a Edlina Hafmini Eddin, SS =020 ##$$a 0 19 9190151 5 =990 ##$$a 30500762 =990 ##$$a 00038272 =990 ##$$a 00038282